LEADER 01535nam a2200313 a 4500 001 000000122191 003 CaOOAMICUS 005 20100609131828.0 008 100609s2010 xxu u000 u eng r 020 $a978-0-415-46226-6 040 $aPUL$bita$dReb 082 04$a327.1 245 00$aInternational relations theory and philosophy :$binterpretive dialogues /$cEdited by Cerwyn Moore and Chris Farrands. 260 $aLondon and New York :$bRoutledge,$c2010. 300 $axviii, 212 p. ;$c24 cm. 490 1 $aRoutledge advances in international relations and global politics ;$v80 504 $aBibliografia p. [181]-205. 650 4$aDiritto e politica.$0(OLS)http://pul/subject/481 650 4$aRelazioni internazionali e filosofia.$0(OLS)http://pul/subject/36957 700 1 $aFarrands, Chris.$0(OLS)http://pul/name/76634 700 1 $aMoore, Cerwyn.$0(OLS)http://pul/name/76632 830 0$aRoutledge advances in international relations and global politics ;$v80.$0(OLS)http://pul/title/138332 850 $aPUL 852 $aPUL$W1$xSL Diritto e Scienze Sociali 3$y79$m327. 1 MOOCE 1$j140243$qDDC 21$B139425$CPULBib$Z2$F139425 $H113645 $82 941 1 $a9 996 $6020$a978-0-415-46226-6$9(OLS)http://pul/number/144527 996 $6082$a327.1$9(OLS)http://pul/classification/598 996 $6245$aInternational relations theory and philosophy :$binterpretive dialogues$9(OLS)http://pul/title/153760 996 $6260$aLondon and New York :$bRoutledge$9(OLS)http://pul/publisher/75577 LEADER 01286nam a2200289 u 4500 001 000000070898 003 CaOOAMICUS 005 20070226122054.0 008 020516q1960 it u000 u ita u 035 $a10930151 040 $aPUL(R)$bita 110 2 $aSecretariatus pro non Christianis.$0(OLS)http://pul/name/20021 245 13$aIl bene e il male nelle religioni /$cSegreatriato per i non Cristiani ; [U. Bianchi ... P. Rossano]. 260 $aFossano (Cuneo) :$bEsperienze,$c[1960?] 300 $a177 p. ;$c20 cm 504 $aBibliografia in nota. 650 4$aBene e male.$0(OLS)http://pul/subject/7492 700 1 $aBianchi, Ugo,$d1922-1995.$0(OLS)http://pul/name/245 700 1 $aRossano, Pietro,$cvescovo,$d1923-1991.$0(OLS)http://pul/name/122 850 $aPUL 852 $aPUL$W1$xDP1 Cons. Gen., Altre Classi 1$y22$m780 A 54$j91755$nBK-PRI$b $qStampati$B91755$CPULBib$Z2$F91755 $H $81 910 $aPontificio Consiglio per il dialogo interreligioso$920021 910 $aPontificio Consiglio per il dialogo interreligioso$920021 941 1 $a8 961 $aINV: 53920 996 $6245$aIl bene e il male nelle religioni$9(OLS)http://pul/title/93389 996 $6260$aFossano (Cuneo) :$bEsperienze$9(OLS)http://pul/publisher/73294